Welcome to the Holygrace Academy Library

Please use search bar below to get started

SARASWATI PHYSICS (Record no. 514)

MARC details
000 -LEADER
fixed length control field 00309nam a22001217a 4500
020 ## - INTERNATIONAL STANDARD BOOK NUMBER
ISBN 978-81-7335-813-5
082 ## - DEWEY DECIMAL CLASSIFICATION NUMBER
Classification number 530
Item number BAT/P
100 ## - MAIN ENTRY--AUTHOR NAME
Personal name SUNIL BATRA
245 ## - TITLE STATEMENT
Title SARASWATI PHYSICS
Remainder of title A TEXTBOOK FOR CLASS XI
260 ## - PUBLICATION, DISTRIBUTION, ETC. (IMPRINT)
Place of publication DELHI
Name of publisher SARASWATI HOUSE PVT LTD
650 ## - SUBJECT ADDED ENTRY--TOPICAL TERM
Topical Term PHYSICS FOR CLASS XI
Geographic subdivision INDIA
942 ## - ADDED ENTRY ELEMENTS (KOHA)
Koha item type Books
Holdings
Withdrawn status Lost status Collection code Home library Current library Shelving location Date acquired Source of acquisition Cost, normal purchase price Full call number Accession Number Koha item type
    Reference Main Library Main Library   28/06/2013 purchase 820.00 530 BAT/P 07424 Books
    Reference Main Library Main Library   28/06/2013 purchase 820.00 530 BAT/P 07423 Books